Историята на Рим (Запис номер 112611)
[ съкратено ]
| 000 -Лидер | |
|---|---|
| Контролно поле с фиксирана дължина | 01469nam a2200361 c 4500 |
| 003 - Код на организацията, давaща контролен номер | |
| Контролно поле | BLK |
| 005 - Дата и час на последна редакция | |
| Контролно поле | 20210702094927.0 |
| 008 - Елементи от данни с фиксирана дължина | |
| fixed length control field | 180409b bul|||||r ||||||| ||bul|| |
| 010 ## - Наследен системен номер | |
| LC control number | KNG00117986000 |
| 020 ## - Международен стандартен номер на книга ISBN | |
| Международен стандартен номер на книга ISBN | 954-321-108-6 |
| -- | издат.: Изток-Запад - на том(кн. 2) |
| 040 ## - Източник на каталожния запис | |
| Идентификатор на билиотеката - собственик на записа | BLK |
| 041 ## - Код за език | |
| Код за езика на текст/звукозапис или на отделно заглавие | Български |
| Код за езика КДБФ | Български |
| 080 ## - УДК | |
| Текстов определител УДК | История на Рим (до 476 г. н. е.). Древен Рим |
| УДК код - определител по УДК | 94(37) |
| УДК определител | (093) |
| УДК - код + определител | 94(37)(093) |
| 100 1# - Редна дума - Автор | |
| Автор | Тит Ливий |
| Авторска отговорност | първи автор |
| R(LIN) | 88707 |
| 139 ## - Редно поле | |
| Редна дума | Ливий, Тит |
| Авторски знак | Ли - Л 54 |
| 245 10 - Сведения за заглавието | |
| Заглавие | Историята на Рим |
| Подзаглавни данни | От основаването на Града : Кн. 1 - |
| Редно поле (дума) | Тит Ливий; прев. от лат. Владимир Атанасов. |
| Том | Кн. 2 |
| 257 ## - Страна на издаване | |
| Страна на създаване/издаване | Древен Рим |
| 260 ## - Област на издателските данни | |
| -- | София |
| Година на издаване | 2004 - |
| 300 ## - Физическа характеристика | |
| Размери/Мащаб | 20 см |
| 380 ## - Жанр | |
| Жанр | История |
| 500 ## - Общи забележки | |
| Забележка | Офс. изд. |
| 650 #4 - Допълнително описание по предмет – тема | |
| Основно описание – тема или топоним | Древен Рим - история |
| 9 (RLIN) | 249436 |
| 653 ## - Ключова дума – ненормативна | |
| Ключова дума | Рим |
| 653 ## - Ключова дума – ненормативна | |
| Ключова дума | Древен Рим |
| 653 ## - Ключова дума – ненормативна | |
| Ключова дума | история |
| 700 1# - Други автори (авторска отговорност) | |
| Лично име | Атанасов, Владимир |
| Автороска отговорност (Описва отношението между автора и произведението) | прев. от лат. |
| 9 (RLIN) | 366818 |
| 760 1# - Описание на основната серия | |
| -- | - на том(кн. 2) |
| Редна дума на основното описание | Ливий, Тит |
| Място на издаване, издател и година | Изток-Запад, 2005 |
| Страници - том | 205 с. : с ил. |
| Забележка - том | Съдържа и Азбучен показалец-коментар на имената и религиите |
| Заглавие | Кн. 2 |
| 852 ## - Местоположение | |
| Форматна сигнатура | Цб 219714 |
| 856 4# - Електронен адрес и достъп | |
| Електронен формат | pdf - файл |
| Път до файла /url/ | |
| 856 4# - Електронен адрес и достъп | |
| Електронен формат | pdf - файл |
| Път до файла /url/ | |
| 942 ## - АРТИКУЛИ | |
| Вид на библиотечния материал | Книги |
| Скрит в OPAC | Не |
| Koha issues (borrowed), all copies | 3 |
| 944 ## - СЪЗДАВАНЕ И РЕДАКЦИЯ на ЗАПИСА | |
| Създаване/Редакция | Създаване |
| Дата на регистрацията/редакция | 18.05.2006 |
| Служител, извършил регистрацията/редакцията | Валя_Йорданова |
| 944 ## - СЪЗДАВАНЕ И РЕДАКЦИЯ на ЗАПИСА | |
| Създаване/Редакция | Редакция |
| Дата на регистрацията/редакция | 20.09.2006 |
| Служител, извършил регистрацията/редакцията | |
| 999 ## - СИСТЕМНИ КОНТРОЛНИ НОМЕРА | |
| Koha biblionumber | 112611 |
| Koha biblioitemnumber | 112611 |
| Код за отписване | Код за изгубен артикул | Код за повреда | Коз за рестрикции | Код за отдаване | Артикулен № | Име на библиотеката - собственик | Име на библиотеката, в която се намира в момента | Статус (Текущо местоположение) | Дата на вписване в системата | Местоположение - отдел | Цена в лева | Инвентарен номер | Систематично азбучна сигнатура | Баркод | Номер на екземпляра | Цена в евро | Служебна бележка | Служебен тип на артикула | Източник на класификационната схема |
|---|---|---|---|---|---|---|---|---|---|---|---|---|---|---|---|---|---|---|---|
| Не е изгубен | Не е повреден | без рестрикции | ползва се в читалня | 180532 | Регионална библиотека "Любен Каравелов" Русе | Регионална библиотека "Любен Каравелов" Русе | Хранилище | 2006-05-26 | Хранилище | 6.50 | 120000702454 | Цб 219714 | 120000702454 | 1 | 3.32 | Дост: Dp Вид: Д N: 19 Дата: 27.04.2005 | Книги | ||
| Не е изгубен | Не е повреден | без рестрикции | заемане за дома | 180533 | Регионална библиотека "Любен Каравелов" Русе | Регионална библиотека "Любен Каравелов" Русе | Заемна - подръчен фонд | 2006-09-20 | Заемна - подръчен фонд | 6.50 | 120000705206 | П 94(3)/Л 54 | 120000705206 | 2 | 3.32 | Дост: Pk Вид: Ф N: 43815 Дата: 14.09.2006 Дата инв: 06.02.2018 Бележки инв: П2018 | Книги | Universal Decimal Classification |